000 00981nam a2200265Ia 4500
003 OSt
005 20220923231000.0
006 a|||||r|||| 00| 0
007 ta
008 220922b |||||||| |||| 00| 0 pan d
020 _c200
024 _a335,862
037 _bSP/5380, 17/03/2018, Star Publications (Pvt.) Ltd.
_cTextual
040 _aARTS
_cARTS
_bpan
041 _2pan
_apan
082 _aO153,6NRA2x, Q7
100 _aਗੁੰਡੀ, ਰਣਜੀਤ ਕੌਰ, ਂਚ.
245 0 _aਦੱਸਦਾ ਤੇ ਜਾਵੀ੍ਵ ਵੇ ਗਹੀਆ
260 _aਅੰਮ੍ਰਿਤਸਰ
_b ਆਗ਼ਾਦ ਬੁੱਕ ਡੀਪੂ
_c2017
300 _a319ਪ0
_ccm.
650 _a ਪੰਜਾਬੀ ਨਿਬੰਧ
650 _aਪੰਜਾਬੀ ਸਾਹਿਤ
942 _hO153,6NRA2x, Q7
_cTEXL
_2CC
999 _c388586
_d388586